Exercices d' arithmetique

Saved in:
Bibliographic Details
Main Author: Gabriel-Marie, Frere, 1835-1916
Corporate Author: Une Reunion de professeurs
Format: Book
Language:French
Published: Tours : Paris : Maison ; J. De Gigord, [19--].
Series:Cours de mathematiques elementaires ; 261
Subjects:
Tags: Add Tag
No Tags, Be the first to tag this record!

MARC

LEADER 00000cam a2200000 a 4500
001 1/109092
008 151007q19uu####fr | ||| |||| ||fre||
040 |a GR-MyUa  |b gre  |c GR-MyUa  |e AACR2 
041 0 |a fre 
082 7 |a 513   |2 (23) 
100 1 |a Gabriel-Marie, Frere,   |d 1835-1916. 
245 1 0 |a Exercices d' arithmetique /   |c par F. G. M. ; par Une Reunion de professeurs. 
260 |a Tours :   |b Maison ;   |a Paris :   |b J. De Gigord,   |c [19--].  
300 |a 384 σ. ;   |c 22 εκ.  
490 1 |a Cours de mathematiques elementaires  |v  ; 261 
650 0 |a Arithmetic  |x Problems, exercises, etc. 
710 2 |a Une Reunion de professeurs. 
830 0 |a Cours de mathematiques elementaires ;  |v  261 
852 |a INST  |b SAMOS  |c MAG  |e 20151007  |h 513 GAB  |p 005300042986  |q 005300042986  |t BK  |y 0 
970 |a Σιτζίμη  |b Γιασεμή  |z 07/10/2015